Los nuevos desafíos de América Latina
Uloženo v:
| Hlavní autor: | |
|---|---|
| Médium: | Kniha |
| Jazyk: | Undetermined |
| Vydáno: |
San José, C.R. : Universidad de Costa Rica, Rectoría
1994
|
| Témata: | |
| Tagy: |
Přidat tag
Žádné tagy, Buďte první, kdo vytvoří štítek k tomuto záznamu!
|
MARC
| LEADER | 00000nam a2200000Ia 4500 | ||
|---|---|---|---|
| 003 | 000522 | ||
| 005 | 20221231144002.0 | ||
| 008 | 140114s9999 xx 000 0 und d | ||
| 040 | |c cru CEDI | ||
| 082 | |a 330.98 I24n | ||
| 100 | |a Iglesias, Enrique Valentín, 1931- |9 20548 | ||
| 245 | |a Los nuevos desafíos de América Latina | ||
| 260 | |a San José, C.R. : Universidad de Costa Rica, Rectoría |c 1994 | ||
| 300 | |a 47 páginas | ||
| 500 | |a Lección Inaugural Curso Lectivo 1994 | ||
| 650 | |x CONDICIONES ECONOMICAS |x DESARROLLO ECONOMICO |x AMERICA LATINA |9 20549 | ||
| 942 | |2 ddc |c BK | ||
| 999 | |c 15187 |d 15187 | ||
